[Event "AUTO-OPEN-787"]
[Site "http://www.queenalice.com/game.php?id=315578"]
[Date "2007.12.6"]
[Round "2"]
[White "jmarcen"]
[Black "OLIMP2458"]
[Result "1-0"]
[WhiteElo "2051"]
[BlackElo "1964"]

1. e4 e5 2. Nf3 Nf6 3. Nxe5 d6 4. Nf3 Nxe4 5. d4 d5 6. Bd3 Be7 7. O-O O-O 8. c4
c6 9. Qc2 Bf5 10. cxd5 cxd5 11. Nc3 Nc6 12. Nxe4 dxe4 13. Bxe4 Bxe4 14. Qxe4 Bf6
15. Be3 Re8 16. Qg4 Qd5 17. b3 Re4 18. Qh3 Rae8 19. Rac1 a6 20. Rc5 Qd8 21. Rh5
h6 22. Qg3 Kh7 23. Bg5 Bxg5 24. Nxg5+ Kg8 25. Nxe4 Rxe4 26. Rxh6 Qxd4 27. Rd6
Qc5 28. Rfd1 Re5 29. a3 Rg5 30. Qh3 g6 31. Rd8+ Nxd8 32. Rxd8+ 1-0

[Event "Challenge"]
[Site "http://www.queenalice.com/game.php?id=321511"]
[Date "2007.12.17"]
[Round "-"]
[White "OLIMP2458"]
[Black "AverBond"]
[Result "0-1"]
[WhiteElo "1943"]
[BlackElo "1960"]

1. e4 c5 2. c3 e6 3. d4 d5 4. exd5 exd5 5. Nf3 Nf6 6. Bg5 Qb6 7. Qe2+ Be6 8.
Qb5+ Qxb5 9. Bxb5+ Nc6 10. Ne5 Rc8 11. O-O Bd6 12. Nd2 Nd7 13. Nxd7 Kxd7 14. Be3
c4 15. Bxc6+ Rxc6 16. Nf3 f6 17. h3 b5 18. a3 a5 19. Nd2 Rb8 20. Ra2 Bf5 21. Nf3
b4 22. axb4 axb4 23. Ra7+ Rc7 24. Rfa1 bxc3 25. bxc3 Rb1+ 26. Rxb1 Rxa7 27. Re1
Be4 28. Nd2 Bd3 29. g3 Ra2 30. h4 Bc7 0-1

[Event "Brasil-Argentina"]
[Site "http://www.queenalice.com/game.php?id=323061"]
[Date "2007.12.20"]
[Round "-"]
[White "orinto"]
[Black "OLIMP2458"]
[Result "1-0"]
[WhiteElo "2034"]
[BlackElo "1956"]

1. Nf3 d5 2. d4 Nf6 3. c4 e6 4. Nc3 c6 5. e3 Be7 6. Bd3 O-O 7. O-O Nbd7 8. b3 h6
9. Bb2 a6 10. Qc2 Rb8 11. Ne5 Nxe5 12. dxe5 Nd7 13. Ne2 Nc5 14. Bh7+ Kh8 15. b4
Nd7 16. f4 Nb6 17. Bd3 dxc4 18. Bxc4 Nd5 19. a3 Bd7 20. e4 Nb6 21. Bb3 Qc8 22.
f5 exf5 23. exf5 Nd5 24. f6 gxf6 25. exf6 Bd6 26. Qd2 1-0

[Event "Brasil-Argentina"]
[Site "http://www.queenalice.com/game.php?id=323062"]
[Date "2007.12.20"]
[Round "-"]
[White "orinto"]
[Black "OLIMP2458"]
[Result "1-0"]
[WhiteElo "2020"]
[BlackElo "1970"]

1. d4 d5 2. c4 Nf6 3. Nc3 e6 4. Nf3 c6 5. e3 Be7 6. Bd3 O-O 7. O-O Nbd7 8. b3 h6
9. Bb2 a6 10. Qc2 Rb8 11. Ne5 Nxe5 12. dxe5 Nd7 13. f4 Nc5 14. Be2 b5 15. Rad1
bxc4 16. bxc4 Qb6 17. Rb1 Qc7 18. Rfd1 a5 19. g4 Rb7 20. f5 Qxe5 21. Nxd5 cxd5
22. Bxe5 Rd8 23. Rxb7 1-0

[Event "Brasil-Argentina"]
[Site "http://www.queenalice.com/game.php?id=323063"]
[Date "2007.12.20"]
[Round "-"]
[White "orinto"]
[Black "OLIMP2458"]
[Result "0-1"]
[WhiteElo "2047"]
[BlackElo "2007"]

1. d4 d5 2. c4 Nf6 3. Nf3 e6 4. Nc3 c6 5. e3 Be7 6. Bd3 O-O 7. O-O Nbd7 8. e4
dxe4 9. Nxe4 Nxe4 10. Bxe4 Nf6 11. Bc2 Qc7 12. Qe2 h6 13. Ne5 Bd6 14. a3 b6 15.
Qf3 Bxe5 16. dxe5 Nd7 17. Qe4 f5 18. exf6 Nxf6 19. Qg6 Kh8 20. Rd1 Bb7 21. Be3
c5 22. Ba4 Qe5 23. Rd2 Be4 24. Qg3 Qxg3 25. hxg3 Rad8 26. Rad1 Rxd2 27. Rxd2 Rf7
28. f3 Bb7 29. Bc2 Rd7 30. Kf2 Kg8 31. b4 Kf7 32. g4 Rxd2+ 33. Bxd2 Nd7 34. g5
hxg5 35. Bxg5 Ba6 36. b5 Bb7 37. f4 Nf6 38. f5 Ng4+ 39. Kg3 exf5 40. Bxf5 Ne5
41. a4 Nxc4 42. Bd3 Ne5 43. Bf5 Bd5 44. Kf4 Nc4 45. Bd3 Na5 46. Ke5 Bxg2 47. Kd6
c4 48. Bc2 Bf1 49. Kc7 Bd3 50. Bxd3 cxd3 51. Kb8 Kg6 52. Be3 Nc4 53. Bf4 Kf5 54.
Bc1 g5 55. Kxa7 g4 56. a5 g3 57. a6 g2 58. Kb7 g1=Q 59. a7 Qg7+ 60. Kb8 Qf8+ 61.
Kb7 Qe7+ 62. Ka6 Qd8 63. Bd2 Qc8# 0-1

[Event "Challenge"]
[Site "http://www.queenalice.com/game.php?id=333894"]
[Date "2008.1.9"]
[Round "-"]
[White "DenisDiaz"]
[Black "OLIMP2458"]
[Result "0-1"]
[WhiteElo "2003"]
[BlackElo "2025"]

1. e4 e5 2. Nf3 Nf6 3. Nc3 Bb4 4. d3 O-O 5. Bd2 Nc6 6. a3 Be7 7. Be2 a6 8. Be3
d6 9. O-O Be6 10. h3 b5 11. Qd2 Rb8 12. b4 d5 13. exd5 Nxd5 14. Ne4 Nxe3 15.
fxe3 f5 16. Nc5 Bxc5 17. bxc5 Qe7 18. d4 e4 19. Nh2 Rbd8 20. c3 Qxc5 21. Qe1 Qb6
22. Qh4 Na5 23. g4 Nb3 24. Rad1 Qd6 25. gxf5 Bxf5 26. Kh1 Rb8 27. c4 Qxa3 28.
cxb5 axb5 29. Qg3 Qd6 30. Rf4 Bd7 31. Rg1 g6 32. Rxf8+ Rxf8 33. Qxd6 cxd6 34.
Rb1 Nd2 35. Rd1 Nc4 36. Bxc4+ bxc4 37. Kg2 c3 38. Rc1 Rc8 39. Nf1 Bb5 40. Ng3 c2
41. Kf2 Rf8+ 42. Ke1 Rf3 0-1

[Event "AUTO-INT-577"]
[Site "http://www.queenalice.com/game.php?id=338547"]
[Date "2008.1.18"]
[Round "2"]
[White "boonen"]
[Black "OLIMP2458"]
[Result "0-1"]
[WhiteElo "1742"]
[BlackElo "1949"]

1. e4 e5 2. Nf3 Nf6 3. Nxe5 d6 4. Nxf7 Kxf7 5. Bc4+ Be6 6. Qe2 Bxc4 7. Qxc4+ d5
8. exd5 Qxd5 9. Qxc7+ Nbd7 10. O-O Bd6 11. Qc3 Rhc8 12. Qb3 Qxb3 13. cxb3 Rc2
14. Nc3 a6 15. a3 Nc5 16. b4 Nd3 17. Rb1 Re8 18. f3 Bc7 19. Na4 Nd5 20. Nc5 Bb6
21. Kh1 N5f4 0-1

[Event "AUTO-INT-577"]
[Site "http://www.queenalice.com/game.php?id=338548"]
[Date "2008.1.18"]
[Round "2"]
[White "OLIMP2458"]
[Black "boonen"]
[Result "1-0"]
[WhiteElo "1957"]
[BlackElo "1734"]

1. e4 g6 2. d4 Nf6 3. Bd3 d6 4. Nf3 Bg7 5. O-O O-O 6. Bg5 Nbd7 7. Nc3 c5 8. d5
Qb6 9. Qc1 Re8 10. Be2 Qb4 11. a3 Qb6 12. h3 Qc7 13. a4 Nb6 14. a5 Nbd7 15. Qe3
b6 16. axb6 Qxb6 17. b3 Bb7 18. Nd2 a5 19. Nc4 Qc7 20. Nb5 Qd8 21. Qf3 Nxd5 22.
Nbxd6 Bxa1 23. Qxf7+ Kh8 24. Nxb7 1-0

[Event "AUTO-INT-577"]
[Site "http://www.queenalice.com/game.php?id=338551"]
[Date "2008.1.18"]
[Round "2"]
[White "OLIMP2458"]
[Black "FOS2006"]
[Result "1-0"]
[WhiteElo "1966"]
[BlackElo "1606"]

1. d4 d5 2. Nf3 f6 3. Nc3 Be6 4. e4 c6 5. Bd3 Bf7 6. O-O e6 7. Re1 Bb4 8. exd5
Bxc3 9. dxc6 bxc6 10. bxc3 Ne7 11. Ba3 O-O 12. Bc4 Nd5 13. Bxf8 Qxf8 14. Qd2 Nd7
15. Rab1 Qd6 16. Rb7 N7b6 17. Bb3 Nd7 18. c4 Nf4 19. c5 Qe7 20. Qxf4 g5 21. Qc7
Be8 22. Rxe6 1-0

[Event "AUTO-INT-577"]
[Site "http://www.queenalice.com/game.php?id=338552"]
[Date "2008.1.18"]
[Round "2"]
[White "FOS2006"]
[Black "OLIMP2458"]
[Result "0-1"]
[WhiteElo "1608"]
[BlackElo "1964"]

1. e4 e5 2. Nf3 Nf6 3. Bd3 Nc6 4. Bb5 Nxe4 5. Bxc6 dxc6 6. Nxe5 Qg5 7. Nxf7 Qxg2
8. Rf1 Bh3 9. Qe2 Kxf7 10. d3 Nf6 11. Be3 Ng4 12. Nc3 Nxh2 13. O-O-O Nxf1 14.
Ne4 Nxe3 15. Qxe3 Kg8 16. Nf6+ gxf6 17. b3 Ba3+ 18. Kd2 Kf7 19. Kc3 Qg4 20. Rh1
Qb4# 0-1

[Event "Challenge"]
[Site "http://www.queenalice.com/game.php?id=341958"]
[Date "2008.1.24"]
[Round "-"]
[White "quifaiquoi"]
[Black "OLIMP2458"]
[Result "0-1"]
[WhiteElo "1806"]
[BlackElo "1978"]

1. d4 d5 2. Nf3 Nc6 3. g3 Nf6 4. Bg2 Bf5 5. O-O e6 6. a3 Be7 7. Nbd2 O-O 8. c4
a5 9. Re1 a4 10. c5 Qd7 11. Nb1 Ne4 12. e3 e5 13. Nc3 Nxc3 14. bxc3 Bf6 15. Bb2
Rfd8 16. Bf1 Re8 17. Bb5 Bg4 18. dxe5 Bxf3 19. Qxf3 Nxe5 20. Qxf6 Qxb5 21. Qf4
Nd3 22. c4 Qxb2 23. Reb1 Qxa1 24. Rxa1 Nxf4 25. gxf4 dxc4 26. Kf1 Ra5 27. Rb1 c3
28. Rc1 Rxc5 29. Ke2 Re6 30. f3 Rb5 31. Kd3 Rd6+ 0-1

[Event "Challenge"]
[Site "http://www.queenalice.com/game.php?id=343327"]
[Date "2008.1.26"]
[Round "-"]
[White "OLIMP2458"]
[Black "DRCD"]
[Result "1-0"]
[WhiteElo "1968"]
[BlackElo "1825"]

1. e4 c5 2. Nf3 d6 3. d4 cxd4 4. Nxd4 Nf6 5. Nc3 a6 6. Rg1 e5 7. Nb3 Be7 8. g4
h6 9. Rg3 Nc6 10. Be3 Be6 11. Qf3 Rc8 12. O-O-O O-O 13. Kb1 b5 14. g5 hxg5 15.
Bxg5 Bxb3 16. axb3 Nd4 17. Qg2 b4 18. Bh6 Ne8 19. Rxg7+ Kh8 20. Rg4 Nf6 21. Bg7+
Kg8 22. Bxf6+ Kh7 23. Qh3# 1-0

[Event "Challenge"]
[Site "http://www.queenalice.com/game.php?id=343800"]
[Date "2008.1.27"]
[Round "-"]
[White "OLIMP2458"]
[Black "DRCD"]
[Result "1-0"]
[WhiteElo "2080"]
[BlackElo "1833"]

1. d4 Nf6 2. Nc3 e6 3. e4 d5 4. e5 Nfd7 5. Nce2 c5 6. c3 Nc6 7. f4 Be7 8. Nf3
O-O 9. Ng3 Qb6 10. a3 f6 11. Bd3 fxe5 12. fxe5 cxd4 13. cxd4 g5 14. Bxh7+ Kxh7
15. Nxg5+ Bxg5 16. Qh5+ Kg7 17. Qxg5+ Kf7 18. Qh5+ Ke7 19. Bg5+ Nf6 20. exf6+
Kd7 21. Qh7+ Ke8 22. O-O-O Qb5 23. Qg6+ Kd7 24. Qg7+ Ke8 25. Nf5 exf5 26. Rhe1+
Kd8 27. Bf4 Qb6 28. Qxf8+ Kd7 29. Qd6# 1-0

[Event "Challenge"]
[Site "http://www.queenalice.com/game.php?id=343801"]
[Date "2008.1.27"]
[Round "-"]
[White "OLIMP2458"]
[Black "DRCD"]
[Result "1-0"]
[WhiteElo "2103"]
[BlackElo "1488"]

1. d4 Nf6 2. c4 e6 3. Nc3 Bb4 4. Bd2 c5 5. a3 Bxc3 6. Bxc3 Ne4 7. Nf3 d5 8. dxc5
Nxc3 9. bxc3 Qa5 10. Qd4 O-O 11. cxd5 exd5 12. Qb4 Qc7 13. e3 a5 14. Qb6 Qxb6
15. cxb6 Nd7 16. Rb1 f5 17. c4 dxc4 18. Bxc4+ Kh8 19. Ng5 Ne5 20. Bd5 h6 21. h4
Nd3+ 22. Ke2 Ne5 23. f4 Ng6 24. Nf7+ Kh7 25. Nd6 Rd8 26. Bxb7 Bxb7 27. Nxb7 Rdb8
28. Nc5 Nf8 29. b7 Ra7 30. Rhd1 a4 31. Rd6 Kg8 32. Ra6 Rxa6 33. Nxa6 1-0

[Event "Challenge"]
[Site "http://www.queenalice.com/game.php?id=344340"]
[Date "2008.1.28"]
[Round "-"]
[White "OLIMP2458"]
[Black "sunti_me"]
[Result "1-0"]
[WhiteElo "1987"]
[BlackElo "2075"]

1. e4 e5 2. Nf3 Nc6 3. Bb5 a6 4. Bxc6 dxc6 5. O-O Nf6 6. Nxe5 Bd6 7. Nf3 Bg4 8.
e5 Bxf3 9. Qxf3 Bxe5 10. Re1 Qd6 11. Qc3 O-O 12. Rxe5 Ng4 13. f4 Nxe5 14. fxe5
Qd5 15. d4 Rad8 16. Be3 c5 17. Qxc5 Qe4 18. Bf2 Rd5 19. Qxc7 Rxd4 20. Nc3 Rc4
21. Nxe4 Rxc7 22. c3 1-0

[Event "Challenge"]
[Site "http://www.queenalice.com/game.php?id=344539"]
[Date "2008.1.29"]
[Round "-"]
[White "OLIMP2458"]
[Black "sunti_me"]
[Result "1/2-1/2"]
[WhiteElo "2068"]
[BlackElo "2071"]

1. e4 e5 2. Nf3 Nc6 3. Bb5 d6 4. Bxc6+ bxc6 5. Nc3 Nf6 6. d4 exd4 7. Qxd4 Be7 8.
e5 c5 9. Qf4 dxe5 10. Nxe5 O-O 11. O-O Bd6 12. Qg5 Re8 13. Re1 h6 14. Qg3 Nh5
15. Qd3 a5 16. Qd5 Be6 17. Qf3 Nf6 18. Bf4 Ra6 19. Rad1 Bf5 20. Bg3 Bxc2 21. Rd2
Bg6 22. Re3 Bh5 23. Qf5 Qa8 24. h3 Bg6 25. Nxg6 Rxe3 26. fxe3 Bxg3 27. Ne7+ Kh8
28. Nc8 Re6 29. Rd8+ Re8 30. Rxe8+ Nxe8 31. Ne7 Nf6 32. Qxc5 Ne4 33. Qd5 Qxd5
34. Ncxd5 Nf2 35. Nf5 Ne4 36. Nxg3 Nxg3 37. Nxc7 Ne2+ 38. Kf1 Nc1 39. Ne8 Nxa2
40. Nd6 Kg8 41. Nb7 a4 42. Nc5 Kf8 43. Nxa4 Ke7 44. Nc5 Nb4 45. Ke2 Kd6 46. Nd3
Nd5 47. e4 Ne7 48. Kd2 Nc6 49. b4 1/2-1/2

[Event "Challenge"]
[Site "http://www.queenalice.com/game.php?id=345250"]
[Date "2008.1.30"]
[Round "-"]
[White "OLIMP2458"]
[Black "hautruong"]
[Result "1-0"]
[WhiteElo "2068"]
[BlackElo "1979"]

1. e4 e6 2. d4 d5 3. e5 c5 4. c3 Nc6 5. Nf3 Qb6 6. a3 cxd4 7. cxd4 Nge7 8. Bd3
g6 9. Nc3 Bd7 10. Na4 Qc7 11. Bg5 Nf5 12. Bxf5 exf5 13. Bf6 Rg8 14. O-O Be7 15.
Rc1 Bxf6 16. exf6 O-O-O 17. b4 a6 18. Nc5 Qd6 19. Ne5 Be8 20. Qd3 Kc7 21. b5
axb5 22. Nxb7 Qxf6 23. Nxd8 Kxd8 24. Qxb5 Nxe5 25. Qa5+ Ke7 26. dxe5 Qe6 27.
Qc5+ 1-0

[Event "Challenge"]
[Site "http://www.queenalice.com/game.php?id=348799"]
[Date "2008.2.5"]
[Round "-"]
[White "OLIMP2458"]
[Black "pony"]
[Result "1-0"]
[WhiteElo "2052"]
[BlackElo "2064"]

1. e4 c5 2. c3 Nf6 3. e5 Nd5 4. Nf3 Nc6 5. Bc4 Nb6 6. Bb3 g6 7. O-O Bg7 8. Re1
O-O 9. Na3 d6 10. exd6 Qxd6 11. d4 cxd4 12. Nb5 Qb8 13. Nbxd4 Nxd4 14. cxd4 e6
15. Re4 Bd7 16. Ne5 Be8 17. Bd2 Nd5 18. Rc1 Qd8 19. Qc2 Bb5 20. Qc5 Ba6 21. a3
Rc8 22. Qxa7 Rxc1+ 23. Bxc1 Nb6 24. Bf4 g5 25. Bd2 Qd6 26. h3 Ra8 27. Nxf7 Qc7
28. Rxe6 Rxa7 29. Re8+ Bf8 30. Nh6+ Kg7 31. Nf5+ Kg6 32. Re6+ 1-0

[Event "Challenge"]
[Site "http://www.queenalice.com/game.php?id=349017"]
[Date "2008.2.5"]
[Round "-"]
[White "OLIMP2458"]
[Black "patoche"]
[Result "1-0"]
[WhiteElo "2040"]
[BlackElo "1946"]

1. e4 Nc6 2. f4 d5 3. e5 d4 4. Nf3 Qd5 5. Be2 Bg4 6. O-O e6 7. a4 Nh6 8. Ng5
Bxe2 9. Qxe2 d3 10. cxd3 O-O-O 11. Nc3 Bc5+ 12. Kh1 Qxd3 13. Qxd3 Rxd3 14. Nge4
Bb6 15. b3 Rhd8 16. Ba3 a5 17. Rab1 Nb4 18. g3 Nf5 19. Bxb4 axb4 20. Ne2 Nd4 21.
Nc1 Rf3 22. Kg2 Rxf1 23. Kxf1 Nf3 24. Ke2 Nxh2 25. Na2 Ng4 26. Rc1 Kb8 27. d3 h6
28. Nxb4 Ne3 29. Nc2 Nf5 30. g4 Ne7 31. b4 Ng6 32. Rf1 Bd4 33. a5 Ka7 34. Kd2 b6
35. Nd6 cxd6 36. Nxd4 Kb7 37. a6+ Ka8 38. Nc6 Rd7 39. b5 dxe5 40. fxe5 Nf8 41.
Ke3 Nh7 42. Rc1 Rc7 43. Rc4 f6 44. Rd4 1-0

[Event "razoman"]
[Site "http://www.queenalice.com/game.php?id=384367"]
[Date "2008.4.9"]
[Round "2"]
[White "danieltan"]
[Black "OLIMP2458"]
[Result "0-1"]
[WhiteElo "1905"]
[BlackElo "2104"]

1. e4 c5 2. Nf3 Nc6 3. c4 e6 4. Nc3 e5 5. a3 d6 6. Be2 Nf6 7. O-O Be7 8. d3 O-O
9. Bd2 h6 10. Nh4 Nxe4 11. Nxe4 Bxh4 12. Bg4 f5 13. Bf3 fxe4 14. Bxe4 Bg5 15.
Bc3 Nd4 16. Bxd4 cxd4 17. Qb3 Be6 18. Qxb7 Rb8 19. Qxa7 Rxb2 20. Rab1 Rfxf2 21.
Bd5 Qf8 22. Bf3 Be3 0-1

[Event "razoman"]
[Site "http://www.queenalice.com/game.php?id=415870"]
[Date "2008.6.10"]
[Round "3"]
[White "OLIMP2458"]
[Black "michas"]
[Result "1-0"]
[WhiteElo "2110"]
[BlackElo "1846"]

1. e4 b6 2. d4 Bb7 3. Nc3 e6 4. Nf3 Nf6 5. Bd3 Bb4 6. Bd2 Bxc3 7. Bxc3 Nxe4 8.
Bxe4 Bxe4 9. O-O Bxf3 10. Qxf3 Nc6 11. d5 Ne7 12. Bxg7 Rg8 13. Bf6 Qc8 14. Bxe7
Kxe7 15. dxe6 fxe6 16. Qh5 Rg7 17. a4 Qg8 18. g3 Rf8 19. Qe2 Rf5 20. c4 h5 21.
b4 h4 22. Ra3 hxg3 23. fxg3 Rxf1+ 24. Qxf1 Rf7 25. Qe2 Qg6 26. Rd3 Qg5 27. Qd2
Qf5 28. Rxd7+ Kf6 29. Rxf7+ Kxf7 30. h4 Qb1+ 31. Kh2 Ke7 32. h5 Qe4 33. Kh3 Qxc4
34. h6 Qe4 35. Qg5+ Ke8 36. Qg8+ Kd7 37. Qf7+ Kd6 38. h7 Qh1+ 39. Kg4 Qe4+ 40.
Qf4+ Qxf4+ 41. Kxf4 e5+ 42. Ke4 1-0

[Event "razoman"]
[Site "http://www.queenalice.com/game.php?id=450510"]
[Date "2008.8.19"]
[Round "4"]
[White "Zoraida"]
[Black "OLIMP2458"]
[Result "0-1"]
[WhiteElo "1857"]
[BlackElo "2114"]

1. e4 c6 2. d4 d5 3. Nc3 dxe4 4. Nxe4 Bf5 5. Ng3 Bg6 6. Bc4 e6 7. Nf3 Nd7 8. O-O
Ngf6 9. Bb3 Be7 10. Bg5 O-O 11. Re1 Rc8 12. c4 h6 13. Bxf6 Nxf6 14. Ne5 Bh7 15.
Rc1 Qa5 16. Qe2 Qd8 17. Red1 a6 18. a4 Qb6 19. Ba2 Qb4 20. b3 Qb6 21. c5 Qc7 22.
h3 Nd5 23. Qg4 Nf6 24. Qe2 Rcd8 25. Bb1 Bxb1 26. Rxb1 Nd5 27. Qc4 a5 28. Ne4 f5
29. Ng3 Bh4 30. Ng6 Bxg3 31. fxg3 Rf6 32. Ne5 Ne3 33. Qc3 Nxd1 34. Rxd1 Rd5 35.
b4 b6 36. cxb6 Qxb6 37. Nxc6 axb4 38. Nxb4 Ra5 39. Ra1 e5 40. Kh2 Qxd4 41. Qb3+
Kh7 42. Rd1 Qb6 43. Qc3 Rc5 44. Qa3 Rf7 45. Nd5 Qa7 46. Qb4 Rb7 47. Qa3 e4 0-1

[Event "razoman"]
[Site "http://www.queenalice.com/game.php?id=484946"]
[Date "2008.10.29"]
[Round "5"]
[White "OLIMP2458"]
[Black "antonius"]
[Result "0-1"]
[WhiteElo "2118"]
[BlackElo "2312"]

1. d4 Nf6 2. c4 e6 3. Nf3 b6 4. a3 c5 5. d5 Ba6 6. Qc2 exd5 7. cxd5 g6 8. e4
Bxf1 9. Rxf1 Bg7 10. Nc3 O-O 11. Bf4 Re8 12. O-O-O d6 13. Rfe1 a6 14. h3 b5 15.
Bxd6 Qxd6 16. e5 Qf8 17. exf6 Rxe1 18. Nxe1 Bxf6 19. d6 Nd7 20. Nf3 Rd8 21. Ne4
Bg7 22. Kb1 Nb6 23. Qxc5 Na4 24. Qd5 Nxb2 25. Rd2 Nc4 26. Rd3 Qe8 27. h4 Nb6 28.
Qg5 Rc8 0-1